000 01050nam a22003257a 4500
001 000713
003 DO-SdBPM
005 20260602135123.0
007 ta
008 161117b2002 sp a |||| 00| 0 spa d
040 _aDO-SdBPM
_bspa
_cBPMSU
_erda
_drda
082 0 4 _a863.5
_bP226mi 2002
_222
100 1 _aPardina, Rosa
_4aut.
_eautora
245 1 0 _a Microbín /
_cRosa Pardina ; ilustraciones, Bernat Serrat
250 _a2a. ed.
264 _aMadrid :
_bAltea,
_c2002
300 _a[24] páginas :
_bilustraciones ;
_c23 cm.
336 _atexto
_btxt
_2rdacontent
337 _asin mediación
_bn
_2rdamedia
338 _avolumen
_bnc
_2rdacarrier
490 0 _aVacunas para la vida
590 _aInventariado, 2026/VM
650 7 _aCuentos infantiles españoles
650 7 _aAventuras
_vCuentos infantiles
650 7 _aEducación sanitaria
_v Cuentos infantiles
650 7 _aLibros ilustrados para niños
700 1 _aSerrat, Bernat,
_eilustraciones
910 _aVMateo V. Control de calidad. BPMSU
942 _2ddc
_cBK
999 _c15897
_d15897